| 000 | 00568cam a2200181 a 4500 | ||
|---|---|---|---|
| 082 |
_a690.81 _bJAL _cL-14, P-194 |
||
| 100 | 1 |
_aJain, A. K. _945338 |
|
| 245 | 1 | 0 |
_aBuilding systems for low income housing / _cA.K. Jain. |
| 260 |
_aDehra Dun, India : _bVikalp _cc1992. |
||
| 300 |
_avi, 165 p. : _bill. ; _c28 cm. |
||
| 500 | _aIncludes index. | ||
| 520 | _aIn the Indian context. | ||
| 526 |
_a0 _b0 _c0 _d690_810000000000000_JAL |
||
| 650 | 0 |
_aHouse construction _zIndia. _945339 |
|
| 650 | 0 |
_aLow-income housing _zIndia. _945340 |
|
| 650 | 0 |
_aMCE _9379 |
|
| 942 |
_2ddc _cBK |
||
| 999 |
_c548882 _d548882 |
||